Statistics for Freddie Gibbs Discography

Click here to take the quiz!

General Stats

  • This quiz has been taken 6 times
    (3 since last reset)
  • The average score is 13 of 26

Answer Stats

Year Name Type % Correct
2019BandanaCollaborative Album
100%
2018FettiCollaborative Album
100%
2017You Only Live 2wiceAlbum
100%
2015Shadow of a DoubtAlbum
100%
2014PiƱataCollaborative Album
100%
2020AlfredoCollaborative Album
67%
2013ESGNAlbum
67%
2018FreddieAlbum
67%
2015ProntoEP
67%
2012Baby Face KillaMixtape
67%
2010Str8 KillaEP
67%
2011Cold Day in HellMixtape
67%
2011Thuggin'EP
33%
2012ShameEP
33%
2011Lord Giveth, Lord Taketh AwayEP
33%
2013DeeperEP
33%
2014The Tonite Show EPEP
33%
2014Knicks (Remix)EP
33%
2010Str8 Killa No FillaMixtape
33%
2009The Labels Tryin' to Kill Me: The Best of Freddie GibbsCompilation
33%
2009midwestgangstaboxframecadillacmuzikMixtape
33%
2009The Miseducation of Freddie GibbsMixtape
33%
2004Full Metal Jackit: The Mixtape [Vol. 1]Mixtape
33%
2004Full Metal Jackit: The Mixtape [Vol. 2]Mixtape
0%
2008Live from Gary, Indiana [Part 2]Mixtape
0%
2007Live from Gary, Indiana [Part 1]Mixtape
0%

Score Distribution

Percentile by Number Answered

Percent of People with Each Score

Your Score History

You have not taken this quiz since the last reset